000 00888nam a2200253Ia 4500
003 OSt
005 20221005104912.0
006 a|||||r|||| 00| 0
007 ta
008 221004b |||||||| |||| 00| 0 hin d
024 _a107277
037 _cTextual
040 _aCRL
_cCRL
_bhin
041 _2hin
_ahin
082 _aO111944vN8, 155M5
100 _aनाईक, मधुकर कृ.
245 0 _aभारतीय इंग्रजी साहित्याचा इतिहास
246 _aBhāratīya iangrajī sāhityāchā itihāsa
260 _aदिल्ली
_bसाहित्य अकादेमी भारत
_c1998
300 _a370पृ0
_ccm.
650 _aमराठी साहित्य
942 _hO111944vN8, 155M5
_cTEXL
_2cc
999 _c1014130
_d1014130